Effectif Naples saison 2023/2024 - Statistiques

Statistiques générales
  • Ce quiz a été pris 2 696 fois
    100 depuis la dernière actualisation
  • Le résultat moyen est 11 sur 27
Statistiques - réponses
Hint Réponse % Correct
A Victor Osimhen
90%
G Alex Meret
79%
A Khvicha Kvaratskhelia
79%
M André-Frank Zambo Anguissa
66%
D Giovanni Di Lorenzo
66%
A Matteo Politano
60%
M Stanislav Lobotka
59%
D Juan Jesus
56%
A Giovanni Simeone
54%
A Giacomo Raspadori
53%
M Piotr Zieliński
53%
D Mário Rui
51%
D Amir Rrahmani
43%
D Natan
33%
M Jens Cajuste
31%
D Mathías Olivera
31%
D Leo Østigård
29%
G Pierluigi Gollini
24%
A Jesper Lindstrøm
23%
Coach Francesco Calzona
21%
M Hamed Junior Traorè
21%
A Cyril Ngonge
19%
D Pasquale Mazzocchi
16%
M Diego Demme
13%
G Nikita Contini
13%
M Leander Dendoncker
11%
G Hubert Idasiak
10%
Aucun quiz correspondant
Distribution des résultats
% des personnes avec chaque résultat
Percentile par nombre de réponses
Votre historique - résultats
Vous n’avez pas pris ce quiz depuis la dernière actualisation